| 000 | 00448nam a2200169Ia 4500 | ||
|---|---|---|---|
| 008 | 180921t2015 xxu||||| |||| 00| 0 sin d | ||
| 041 | _asin | ||
| 080 |
_aX8C3 _b(Youth) AMA |
||
| 100 | _aAmarasingha, Ajith Kalyan | ||
| 245 | _aආලෝකය අත ළඟය | ||
| 246 | _aAlokaya Atha Langaya | ||
| 260 |
_bFast Publishing _aColombo _c2015 |
||
| 300 | _a94p, 21cm | ||
| 942 | _cBK | ||
| 999 |
_c10699 _d10699 |
||
| 003 | LK-CoDNM | ||
| 040 |
_aLK-CoDNM _dLK-CoDNM _eLK-CoDNM |
||